000 01396cam a22002054a 4500
005 20250605163935.0
008 250528s ||||||||||||||||||||||||d
035 _a14833
020 _a803982585
040 _aGR-AtMCL
_bgre
_dGR-AtMCL
_eAACR2
245 1 _aCapitalism and Communication / Global Culture and the Economics of Information
260 _bSage Publications,
_c1994
300 _a216
520 _aThis book investigates the role of the media and cultural institutions in contemporary capitalist societies. Acknowledgements, Media Theory and the Political Future of Mass, Communication, Methodology and the Mass Media, Contribution to a Political Economy of Mass Communication, Film and Media Studies: Reconstructing the Subject, The Myths of Video: A Disciplinary Reminder, Pierre Bourdieu and the Sociology of Culture: An Introduction with Raymond Williams, Politics and the Mass Media in the United Kingdom, Policy and Politics: Public Service Broadcasting and the Information Market, The Media and the Public Sphere, Public Service Versus the Market, Telecommunications Policy in the United Kingdom, The Political Economy and the Production of Culture, Public Policy and the Cultural Industries, The Economics of the US Motion Picture Industry, Index.
700 1 _aGarnham Nicholas
_9597
700 1 _aInglis Fred
_9598
942 _cBK
999 _c446
_d446